000 00409nam a2200157Ia 4500
008 151213s9999 xx 000 0 und d
100 _aBrian Tomlinson
245 _aMaterials Development in Language Teaching
_cBrian Tomlinson
250 _a1st
260 _aU.K
_bCambridge
_c1998
300 _a4219 p.
650 _aEnglish
650 _aEnglish Language
700 _aBrian Tomlinson
999 _c2643
_d2643